Formel 1 Podium 2009 - Statistiken

Allgemein
  • Dieses Quiz wurde 359 mal gespielt
  • Das Durchschnittsergebnis liegt bei 10 aus 13
Antwortstatistiken
Antwort % Korrekt
Sebastian Vettel
99%
Jenson Button
96%
Lewis Hamilton
96%
Fernando Alonso
95%
Mark Webber
93%
Kimi Räikkonen
87%
Felipe Massa
86%
Rubens Barrichello
82%
Robert Kubica
65%
Nick Heidfeld
57%
Giancarlo Fisichella
50%
Jarno Trulli
46%
Timo Glock
45%
Keine übereinstimmenden Quizze gefunden
Verteilung der Resultate
Anzahl Personen mit jedem Resultat
Perzentil nach korrekt beantworteten Fragen
Ihre Resultats-Entwicklung
Sie haben dieses Quiz noch nicht gespielt